000 00385nam a2200145Ia 4500
008 230917s9999||||xx |||||||||||||| ||und||
040 _e182723
_aMAIN
041 _aEnglish
082 _a954.03 A64A
100 _aArnold, David
245 0 _aUpniveshik Bharat mein vijnan, prodyogiki aur aayurvijnan
260 _aNew Delhi
_bVani Prakashan
_c2004
300 _a315 p.
942 _cBK
999 _c157072
_d157072